000 00273nam a22001217a 4500
008 180222b xxu||||| |||| 00| 0 eng d
041 _aeng
080 _a82
100 _a21
101 _aGJL
245 _aAn elementary old high german grammar
_cEllis,J
942 _2udc
_cBK
999 _c43143
_d43143